Statistics for British Food and Drink By Picture

Click here to take the quiz!

General Stats

  • This quiz has been taken 127 times
  • The average score is 7 of 12

Answer Stats

Answer% Correct
Fish and Chips
97%
Tea
82%
Bangers and Mash
73%
Trifle
67%
Sausage Roll
66%
Full English Breakfast
62%
Yorkshire Pudding
60%
Spotted Dick
51%
Sunday Roast
49%
Scones
31%
Toad in a Hole
18%
Shepherd´s Pie
0%

Score Distribution

Percentile by Number Answered

Percent of People with Each Score

Your Score History

You have not taken this quiz